000 00712nam a2200229 i 4500
001 63804
003 ES-MaACL
005 20230906164955.0
007 t|
008 031217s1954 fr ||||1| spa d
080 _a396.9
100 1 _aFigueroa, Ana.
_950776
245 1 3 _aLa mujer ciudadana :
_bsugestiones para la educación cívica de la mujer /
_cpor Ana Figueroa.
260 _a[París] :
_bUnesco,
_c[1954] (
_eBasilea :
_fV.S.K.)
300 _a110 p. ;
_c21 cm.
490 1 _aProblemas de educación ;
_v8
650 4 _aMujeres-
_xSituación social.
_915317
710 2 _aUnesco.
_96999
830 1 _aProblemas de educación ;
_v8
_9230691
852 4 _aES-MaACL
_jC-9602
999 _c63804
_d63804